| 000 | 00835cam a2200253 a 4500 | ||
|---|---|---|---|
| 001 | 000005500 | ||
| 005 | 20200929151707.0 | ||
| 008 | 981022s1998 sp a b 001|0 spa | ||
| 020 | _a8437616530 | ||
| 040 |
_aDO-SdBNP _cDLC _dDLC |
||
| 082 |
_a861.6 _bV714p |
||
| 100 | 1 |
_aVillalón, Fernando, _d1881-1930. _915584 |
|
| 245 | 1 | 0 |
_aPoesías completas / _cFernando Villalón ; edición, Jacques Issorel. |
| 260 |
_aMadrid : _bCátedra, _c1998. |
||
| 300 |
_a406 p. : _bil. ; _c18 cm. |
||
| 490 | 1 |
_aLetras hispánicas _v450 |
|
| 650 | 4 |
_aPoesía española _9631 |
|
| 650 | 4 |
_aLiteratura española _9632 |
|
| 600 | 1 | 4 |
_aVILLALÓN, FERNANDO, _d1881-1930 _xCRÍTICA E INTERPRETACIÓN _915585 |
| 700 | 1 |
_aIssorel, Jacques, _eed. _915586 |
|
| 830 | 0 |
_aLetras Hispánicas ; _v450 _94208 |
|
| 910 | _aCatalogación por copia / LC | ||
| 910 | _aWM | ||
| 999 |
_c5299 _d5299 |
||